NFL 2025: Scrimmage Yard Leaders - Statistics

General Stats
  • This quiz has been taken 93 times
  • The average score is 8 of 10
Answer Stats
Number Player name Position Scrimmage Yards % Correct
7 Bijan Robinson RB 2.298
94%
23 Christian McCaffrey RB 2.126
93%
22 Derrick Henry RB 1.745
88%
0 Jahmyr Gibbs RB 1.839
88%
11 Jaxon Smith-Njigba WR 1.829
85%
28 Jonathan Taylor RB 1.963
84%
12 Puka Nacua WR 1.820
84%
4 James Cook RB 1.912
81%
28 De'Von Achane RB 1.838
67%
23 Kyren Williams RB 1.541
64%
No matching quizzes found
Score Distribution
Percent of People with Each Score
Percentile by Number Answered
Your Score History
You have not taken this quiz